| 000 | 00519nam a2200145Ia 4500 | ||
|---|---|---|---|
| 008 | 140724s9999 xx 000 0 und d | ||
| 050 |
_aQA 76.5 _b.Sa115 2012 |
||
| 100 | _aSaberon, Mark Lole B. | ||
| 245 |
_aOnline ordering system of Dexter's Pizza Food System Incorporation / _cMark Lole B. Saberon. |
||
| 260 |
_aLas PiƱas, Philippines : _bSouthville International School and Colleges, _cc2012. |
||
| 300 |
_a1 v. (unpaged) : _bill. ; _c28 cm. |
||
| 521 | _aInformation Technology | ||
| 942 | _cTH | ||
| 999 |
_c229176 _d229176 |
||